[Event "GER-ch U25 op"]
[Site "Willingen"]
[Date "2008.05.17"]
[Round "9"]
[White "Klein, Maren"]
[Black "Bui, Ha Trang"]
[Result "1-0"]
[WhiteElo "1025"]
[BlackElo "774"]
[PlyCount "87"]
[EventDate "2008.05.11"]
[EventType "swiss"]
[EventRounds "9"]
[EventCountry "GER"]
[SourceTitle "CBM 124 Extra"]
[Source "ChessBase"]
[SourceDate "2008.07.03"]
[SourceVersion "1"]
[SourceVersionDate "2008.07.03"]
[SourceQuality "1"]

1. e4 e5 2. Nf3 d6 3. Nc3 Nf6 4. Bc4 c6 5. d4 Nbd7 6. 0-0 Be7 7. d5 b5 8. Bb3 b4 9. dxc6 bxc3 10. cxd7+ Bxd7 11. Bd5 Bb5 12. Re1 Rc8 13. a4 Bc4 14. bxc3 Bxd5 15. exd5 Rxc3 16. Be3 a5 17. Qe2 Nxd5 18. Qb5+ Qd7 19. Qxd5 0-0 20. Nxe5 Qf5 21. Bd4 Rxc2 22. Qb7 Bf6 23. Qf3 Qxf3 24. Nxf3 Bxd4 25. Nxd4 Re2 26. Red1 Rb2 27. Nf5 d5 28. Ne7+ Kh8 29. Nxd5 Rd8 30. Ne3 Rc8 31. g3 h6 32. Rd5 Ra8 33. h4 f6 34. h5 Re2 35. Rad1 Ra2 36. Rd8+ Rxd8 37. Rxd8+ Kh7 38. Rd4 g6 39. g4 f5 40. Rd7+ Kg8 41. hxg6 Rxa4 42. Nxf5 Rxg4+ 43. Kf1 Rg5 44. Rd8# 1-0

[Event "GER-ch U25 op"]
[Site "Willingen"]
[Date "2008.05.13"]
[Round "4"]
[White "Lang, Stephan"]
[Black "Klein, Maren"]
[Result "1-0"]
[WhiteElo "1451"]
[BlackElo "1025"]
[PlyCount "67"]
[EventDate "2008.05.11"]
[EventType "swiss"]
[EventRounds "9"]
[EventCountry "GER"]
[SourceTitle "CBM 124 Extra"]
[Source "ChessBase"]
[SourceDate "2008.07.03"]
[SourceVersion "1"]
[SourceVersionDate "2008.07.03"]
[SourceQuality "1"]

1. e4 e5 2. Bc4 Nf6 3. d3 Nc6 4. Nc3 Bb4 5. Bd2 d6 6. h3 Be6 7. Bxe6 fxe6 8. Nf3 d5 9. exd5 exd5 10. 0-0 0-0 11. a3 Bxc3 12. Bxc3 d4 13. Bd2 Nd5 14. Ng5 Qf6 15. Qg4 Nf4 16. g3 Ng6 17. Ne6 Rfc8 18. Nc5 b6 19. Ne4 Qe7 20. Ng5 Qf6 21. Qh5 h6 22. Ne4 Qf7 23. Qg4 Nce7 24. Rae1 Re8 25. h4 Nf5 26. h5 Nge7 27. f4 Rf8 28. fxe5 Qe6 29. Bb4 c5 30. Bd2 Ne3 31. Qxe6+ Kh8 32. Rxf8+ Rxf8 33. Bxe3 dxe3 34. Qxe7 1-0